Cours de pathologie et de thérapeutique chirurgicales / (Record no. 155423)

MARC details
000 -LEADER
campo de control de longitud fija 01276nam a22002655i 4500
001 - NÚMERO DE CONTROL
campo de control 155423
003 - IDENTIFICADOR DE NÚMERO DE CONTROL
campo de control ES-MaACL
005 - FECHA Y HORA DE LA ÚLTIMA TRANSACCIÓN
campo de control 20250806085757.0
008 - DATOS DE LONGITUD FIJA--INFORMACIÓN GENERAL
campo de control de longitud fija 990429m17841785fr f |||| | fre d
040 ## - FUENTE DE CATALOGACIÓN
Centro catalogador/agencia de origen M-RACE
Lengua de catalogación spa
Centro/agencia transcriptor M-RACE
Centro/agencia modificador CCPB | B
100 1# - ENTRADA PRINCIPAL--NOMBRE DE PERSONA
Nombre de persona Hévin, Prudent.
9 (RLIN) 128125
245 10 - MENCIÓN DEL TÍTULO
Título Cours de pathologie et de thérapeutique chirurgicales /
Mención de responsabilidad, etc. par M. Hévin.
250 ## - MENCION DE EDICION
Mención de edición Nouvelle édition, augmentée de remarques & observations importantes.
260 ## - PUBLICACIÓN, DISTRIBUCIÓN, ETC.
Lugar de publicación, distribución, etc. A Paris :
Nombre del editor, distribuidor, etc. chez Méquignon, l'aîné ...,
Fecha de publicación, distribución, etc. 1785 (
Fabricante de l'Imprimerie de Clousier ...,
Fecha de fabricación/manufactura 1784)
300 ## - DESCRIPCIÓN FÍSICA
Extensión XVI, [10], 942 p., [1] h. de lám. ;
Dimensiones 8º.
594 #1 - Nota al título y mención de responsabilidad
Nota al título y mención de responsabilidad Nombre del autor después de la mención de edición.
596 #1 - NOTA AL PIE DE IMPRENTA
NOTA AL PIE DE IMPRENTA Nombre del impresor y fecha de impresión tomados del colofón del vol. 2.
597 #1 - NOTA DE DESCRIPCIÓN FÍSICA
NOTA DE DESCRIPCIÓN FÍSICA Sign.: a\p9\s, A-Z\p8\s, 2A-2E\p8\s ; [pi]\p2\s, 2F-2Z\p8\s, 3A-3M\p8\s, 3N\p10\s.
650 #4 - PUNTO DE ACCESO ADICIONAL DE MATERIA--TÉRMINO DE MATERIA
Término de materia o nombre geográfico como elemento de entrada Cirugía-
Subdivisión de forma Obras anteriores a 1800
9 (RLIN) 11057
700 11 - ENTRADA AGREGADA--NOMBRE PERSONAL
Nombre de persona Méquignon, Nicolas Toussaint,
Fechas asociadas al nombre 1744-1830
Término indicativo de función/relación
9 (RLIN) 130357
700 11 - ENTRADA AGREGADA--NOMBRE PERSONAL
Nombre de persona Clousier, Jacques Gabriel,
Término indicativo de función/relación
9 (RLIN) 126518
752 ## - ENTRADA AGREGADA--NOMBRE JERÁRQUICO DEL LUGAR
País o entidad superior Francia -
Ciudad París
852 ## - LOCALIZACIÓN
Ubicación ES-MaACL
Número de control de estantería R-1438
Nota libre -- Enc. pasta española
condición física -- Sólo seconde partie ([4], [449]-942, [6] p.)
Encuadernación Olim: G-14111
Holdings
Estatus retirado Estado de pérdida Estado de daño No para préstamo Colección Biblioteca de origen Biblioteca actual Ubicación en estantería Fecha de adquisición Fuente de adquisición Total de préstamos Signatura topográfica completa Código de barras Visto por última vez Precio de reemplazo Tipo de ítem Koha
        Libros del s. XVIII Biblioteca del Ateneo de Madrid Biblioteca del Ateneo de Madrid Depósito 17/01/2008     R-1438 1162577 23/02/2023 23/02/2023 Libro impreso antiguo